000 00778nam a2200253Ia 4500
003 OSt
005 20220918165910.0
006 a|||||r|||| 00| 0
007 ta
008 220917b |||||||| |||| 00| 0 eng d
020 _a8178242311 (hbk)
_c695
024 _a237,019
037 _b93, 22/08/2008, Bharatiya Sahitya Bhavana
_cTextual
040 _aARTS
_cARTS
_beng
041 _2eng
_aeng
082 _aY:45N(Q7).49G, P8
100 _aJalal Ayesha
_914282
245 0 _aPartisans of Allah
_b Jihad in South Asia
260 _aDelhi
_bPermanent Black India
_c2008
300 _axvi, 373p.
_ccm.
650 _aSOCIOLOGY
942 _hY:45N(Q7).49G, P8
_cTEXL
_2CC
999 _c131590
_d131590